The economics of common currencies : (Record no. 200031)

MARC details
000 -LEADER
fixed length control field 01318nam a2200349 a 4500
001 - CONTROL NUMBER
control field vtls000195620
003 - CONTROL NUMBER IDENTIFIER
control field NLI
005 - DATE AND TIME OF LATEST TRANSACTION
control field 20210602113027.0
008 - FIXED-LENGTH DATA ELEMENTS--GENERAL INFORMATION
fixed length control field 101125s1973 enka 101 0 eng
020 ## - INTERNATIONAL STANDARD BOOK NUMBER
International Standard Book Number 004332049X :
Terms of availability PND 5.45
039 #9 - LEVEL OF BIBLIOGRAPHIC CONTROL AND CODING DETAIL [OBSOLETE]
-- 201011252320
-- VLOAD
040 0# - CATALOGING SOURCE
Original cataloging agency NLI
Language of cataloging eng
Transcribing agency Datasoft 1
Description conventions AACR2
041 0# - LANGUAGE CODE
Language code of text/sound track or separate title eng
044 ## - COUNTRY OF PUBLISHING/PRODUCING ENTITY CODE
MARC country code enk
082 04 - DEWEY DECIMAL CLASSIFICATION NUMBER
Classification number 332.43
111 2# - MAIN ENTRY--MEETING NAME
Meeting name or jurisdiction name as entry element Madrid Conference on Optimum Currency Areas
Date of meeting or treaty signing (1970)
9 (RLIN) 374402
245 14 - TITLE STATEMENT
Title The economics of common currencies :
Remainder of title proceedings of the Madrid Conference on Optimum Currency Areas /
Statement of responsibility, etc. edited by Harry G. Johnson and Alexander K. Swoboda
260 ## - PUBLICATION, DISTRIBUTION, ETC.
Place of publication, distribution, etc. London :
Name of publisher, distributor, etc. Allen & Unwin,
Date of publication, distribution, etc. 1973
300 ## - PHYSICAL DESCRIPTION
Extent 302 p. :
Other physical details ill. ;
Dimensions 23 cm.
500 ## - GENERAL NOTE
General note Includes index
650 #0 - SUBJECT ADDED ENTRY--TOPICAL TERM
Topical term or geographic name entry element Monetary unions
General subdivision Congresses
9 (RLIN) 368665
650 #0 - SUBJECT ADDED ENTRY--TOPICAL TERM
Topical term or geographic name entry element Foreign exchange
General subdivision Congresses
9 (RLIN) 374403
650 #0 - SUBJECT ADDED ENTRY--TOPICAL TERM
Topical term or geographic name entry element Currency question
General subdivision Congresses
9 (RLIN) 374404
700 1# - ADDED ENTRY--PERSONAL NAME
Personal name Johnson, Harry G.
Fuller form of name (Harry Gordon),
Dates associated with a name 1923-1977,
Relationship edt
9 (RLIN) 345341
700 1# - ADDED ENTRY--PERSONAL NAME
Personal name Swoboda, Alexander K.,
Relationship edt
9 (RLIN) 337863
887 ## - NON-MARC INFORMATION FIELD
Content of non-MARC field
901 ## - LOCAL DATA ELEMENT A, LDA (RLIN)
a 407506
b 01.08.1973
902 ## - LOCAL DATA ELEMENT B, LDB (RLIN)
a E 332.43 C 76 e
942 ## - ADDED ENTRY ELEMENTS (KOHA)
Source of classification or shelving scheme Dewey Decimal Classification
Koha item type Books
949 ## - LOCAL PROCESSING INFORMATION (OCLC)
-- VIRTUAITEM
-- 10000
-- 100
6 PUR000407506ENG
Holdings
Withdrawn status Lost status Damaged status Not for loan Collection code Home library Current library Shelving location Date acquired Total Checkouts Full call number Barcode Date last seen Price effective from Koha item type
        New English National Library of India National Library of India New English - Main Stack Division     E 332.43 C 76 e PUR000407506ENG 02/06/2021 02/06/2021 Books
                                                                           
web counter

Copyright ©2020 The National Library of India, Govt. of India ↔ Hosted by NVLI, MOC ↔ Technology and Design by National Library of India, Ministry of Culture, Govt. of India